Normal view
MARC view
- Pranjape Shantabai
Entry Personal Name
001 - CONTROL NUMBER
- control field: 206224
003 - CONTROL NUMBER IDENTIFIER
- control field: OSt
005 - DATE AND TIME OF LATEST TRANSACTION
- control field: 20240412104415.0
008 - FIXED-LENGTH DATA ELEMENTS
- fixed length control field: 240412|| aca||aabn | a|a d
040 ## - CATALOGING SOURCE
- Original cataloging agency: OSt
- Transcribing agency: OSt
100 ## - HEADING--PERSONAL NAME
- Personal name: Pranjape Shantabai
670 ## - SOURCE DATA FOUND
- Source citation: Work cat.: (OSt)357687: Pranjape Shantabai, Mazi Payapit, 1993